000 00958nam a22001817a 4500
999 _c61546
_d61546
005 20240322144821.0
008 240322c1973 ge ||||| |||| 00| 0 geo d
041 _ageo
245 _aძეგლის მეგობარი = Друзья памятников культуры :
_b1973. სამეცნიერო-პოპულარული ჟურნალი /
_cრედაქტორი ირაკლი აბაშიძე.
260 _aთბილისი,
_c1964-
300 _aV.
440 _aმატერიალური კულტურის ძეგლები
_921550
653 _aძეგლის მეგობარი
653 _aპერიოდიკა
700 _aაბაშიძე, ირაკლი
_eრედაქტორი
_921553
856 _uhttps://iverieli.nplg.gov.ge/bitstream/1234/27576/1/Dzeglis_Megobari_1973_N33.pdf
_yელ. ვერსია. pdf
942 _2udc
_cCR